000 00371nam a2200145Ia 4500
005 20251222153539.0
008 251222s9999||||xx |||||||||||||| ||spa||
020 _a8445407759
082 _a657.630.946/F42
100 _aFernández Sotero, Amador
245 0 _aContabilidad Financiera:
250 _a3ra.ed.
264 _bEdiciones Estudios financieros
942 _cLIB
999 _c30398
_d30398